Statistics for Countries That Have a Bigger Pop. than the amount of Airpods Sold

Click here to take the quiz!

General Stats

  • This quiz has been taken 14 times
  • The average score is 9 of 12

Answer Stats

Country% Correct
China
92%
India
92%
Japan
92%
Russia
92%
USA
92%
Brazil
83%
Indonesia
83%
Mexico
83%
Pakistan
83%
Nigeria
75%
Ethiopia
58%
Bangledesh
0%

Score Distribution

Percentile by Number Answered

Percent of People with Each Score

Your Score History

You have not taken this quiz